000 00364pam a2200157a 44500
008 230515b2010 xxu||||| |||| 00| 0 eng d
020 _aNULL
041 _aENGLISH
082 _a005.115 GAR
100 _aDUNNING GARY
245 _aINTRODUCTION TO PROGRAMMABLE LOGIC CONTROLLERS
250 _a7
260 _a
_bN/A
_c2010
300 _aX/628
650 _aNULL
999 _c640641
_d640641